| 000 | 00728nam a2200133Ia 4500 | ||
|---|---|---|---|
| 008 | 171212s9999 xx 000 0 und d | ||
| 020 | _a9780833050229 | ||
| 100 | _aGraser, John C.;Blum, Daniel;Brancato, Kevin;Burks, James J.;Chan, Edward W. | ||
| 245 |
_cGraser, John C.;Blum, Daniel;Brancato, Kevin;Burks, James J.;Chan, Edward W. _aThe Economics of Air Force Medical Service Readiness |
||
| 260 |
_bRAND Corporation _c2010 |
||
| 650 | _aHealth Sciences | ||
| 650 | _aUnited States. Air Force Medical Service -- Evaluation; United States. Air Force Medical Service -- Reorganization; United States. Air Force -- Medical care; United States. Air Force -- Operational readiness | ||
| 856 | _uwww.jstor.org/stable/10.7249/tr859af | ||
| 999 |
_c352646 _d352646 |
||